La biodiversidad en el diseño del paisaje, caso de estudio en el trópico : Hacienda Navarro (Registro nro. 7447)
[ vista simple ]
| 000 -Cabecera | |
|---|---|
| Campo de control de longitud fija | 00834nam a2200289 4500 |
| 005 - Fecha y hora de la última transacción | |
| Campo de control | 20240423153102.0 |
| 008 - Elementos de longitud fija--Información general | |
| Campo de control de longitud fija | 160120b xxu||||| |||| 00| 0 spa d |
| 020 ## - International Standard Book Number | |
| Número Internacional Estándar del Libro (ISBN) | 9968994677 |
| 041 ## - Idioma | |
| Código de idioma | Español |
| 082 ## - Clasificación Decimal Dewey | |
| Número de clasificación | 711.1 A 663b |
| 100 ## - Entrada principal--Autor personal | |
| Nombre personal | Aravena, Javiera |
| 9 (RLIN) | 1754 |
| 100 ## - Entrada principal--Autor personal | |
| Nombre personal | Letelier Bellalta, Luz Alexandra |
| 9 (RLIN) | 1755 |
| 100 ## - Entrada principal--Autor personal | |
| Nombre personal | Urgarte Espinoza, Jimena |
| 9 (RLIN) | 1756 |
| 245 ## - Título propiamente dicho | |
| Título | La biodiversidad en el diseño del paisaje, caso de estudio en el trópico : Hacienda Navarro |
| 260 ## - Pie de imprenta | |
| Lugar de publicación, distribución, etc. | Costa Rica |
| 260 ## - Pie de imprenta | |
| Nombre del editor, distribuidor, etc. | Instituto de Arquitectura Tropical (IAT) |
| 260 ## - Pie de imprenta | |
| Fecha de publicación, distribución, etc. | 2003 |
| 300 ## - Descripción física | |
| Extensión | 200 páginas |
| 650 ## - Materia general | |
| Temática (materia general) | COSTA RICA |
| 650 ## - Materia general | |
| Temática (materia general) | ARQUITECTURA TROPICAL |
| 650 ## - Materia general | |
| Temática (materia general) | PAISAJISMO |
| 650 ## - Materia general | |
| Temática (materia general) | BIODIVERSIDAD |
| 650 ## - Materia general | |
| Temática (materia general) | PLANIMETRIA INVENTARIO |
| 650 ## - Materia general | |
| Temática (materia general) | HACIENDA NAVARRO |
| 942 ## - Punto de acceso adicional KOHA | |
| Tipo de ítem KOHA | Libro |
| Fuente del sistema de clasificación o colocación | Dewey Decimal Classification |
| Signatura completa | Código de barras | Programa Académico | Tipo de ítem |
|---|---|---|---|
| 711.1 A663b | 20001 | Turismo | Libro |